[Event "SVK-chT2D 0607"]
[Site "Slovakia"]
[Date "2007.02.04"]
[Round "9.3"]
[White "Fedorko, Martin"]
[Black "Kulcsar, Ferencz"]
[Result "1-0"]
[WhiteElo "2057"]
[BlackElo "1902"]
[PlyCount "81"]
[EventDate "2006.10.14"]
[EventType "team-tourn"]
[EventRounds "11"]
[EventCountry "SVK"]
[SourceTitle "EXT 2008"]
[Source "ChessBase"]
[SourceDate "2007.11.25"]
[SourceVersion "1"]
[SourceVersionDate "2007.11.25"]
[SourceQuality "1"]
[WhiteTeam "Bardejov BSK"]
[BlackTeam "Velke Kapusany Energetik"]
[WhiteTeamCountry "SVK"]
[BlackTeamCountry "SVK"]

1. e4 e5 2. Nf3 Nf6 3. Nxe5 d6 4. Nxf7 Kxf7 5. Bc4+ Be6 6. Bxe6+ Kxe6 7. d4 Kf7 8. 0-0 Be7 9. Nc3 Rf8 10. f4 Kg8 11. Qe2 Nc6 12. Be3 Qe8 13. e5 dxe5 14. dxe5 Nd7 15. Rad1 Nb6 16. a4 a5 17. Nb5 Rc8 18. Nxc7 Rxc7 19. Bxb6 Rd7 20. Be3 Rxd1 21. Rxd1 Qc8 22. g3 Rd8 23. Qc4+ Kf8 24. Rxd8+ Qxd8 25. Qd3 Qxd3 26. cxd3 Nb4 27. d4 Nd5 28. Kf2 g6 29. Bd2 b6 30. Kf3 Kf7 31. Ke4 Ke6 32. g4 Nc7 33. d5+ Nxd5 34. f5+ gxf5+ 35. gxf5+ Kf7 36. Kxd5 Bc5 37. Bg5 h5 38. e6+ Ke8 39. f6 Bb4 40. f7+ Kf8 41. Bh6+ 1-0